| 000 | 00505nam a2200169 i 4500 | ||
|---|---|---|---|
| 001 | 42187 | ||
| 003 | ES-MaACL | ||
| 005 | 20250814063213.0 | ||
| 007 | t| | ||
| 008 | 030312s1971 sp ||||1| spa d | ||
| 100 | 1 |
_aCastilla del Pino, Carlos, _d1922-2009 _936651 |
|
| 245 | 1 | 0 |
_aVieja y nueva psiquiatrÃa _b: Carlos Castilla del Pino. |
| 260 |
_a[Madrid] : _bSeminarios y Ediciones, _c[1971] |
||
| 300 |
_a236 p. ; _c18 cm. |
||
| 852 |
_aES-MaACL _jC-47611 _bR.73304 |
||
| 999 |
_c42187 _d42187 |
||